<?xml version="1.0" encoding="UTF-8"?>
<record
    xmlns:xsi="http://www.w3.org/2001/XMLSchema-instance"
    xsi:schemaLocation="http://www.loc.gov/MARC21/slim http://www.loc.gov/standards/marcxml/schema/MARC21slim.xsd"
    xmlns="http://www.loc.gov/MARC21/slim">

  <leader>06280nam a2200409   4500</leader>
  <controlfield tag="001">57249</controlfield>
  <controlfield tag="003">Biblioteca APEC</controlfield>
  <controlfield tag="005">20251014103520.0</controlfield>
  <controlfield tag="008">220716b2021    dr ||||| |||| 00| 0 spa d</controlfield>
  <datafield tag="040" ind1=" " ind2=" ">
    <subfield code="c">Biblioteca APEC</subfield>
    <subfield code="a">Biblioteca UNAPEC</subfield>
    <subfield code="b">spa</subfield>
    <subfield code="e">rda</subfield>
  </datafield>
  <datafield tag="041" ind1=" " ind2=" ">
    <subfield code="a">spa</subfield>
  </datafield>
  <datafield tag="072" ind1=" " ind2=" ">
    <subfield code="a">Facultad de Humanidades</subfield>
  </datafield>
  <datafield tag="090" ind1=" " ind2=" ">
    <subfield code="a">TPG-CI MAS-01 2021</subfield>
  </datafield>
  <datafield tag="100" ind1="1" ind2="0">
    <subfield code="a">Soto Feliz, Lenin</subfield>
    <subfield code="e">autor</subfield>
    <subfield code="9">106590</subfield>
  </datafield>
  <datafield tag="245" ind1="1" ind2="0">
    <subfield code="a">Dise&#xF1;o de estrategias pedag&#xF3;gicas para la ense&#xF1;anza-aprendizaje de tablas de frecuencias y gr&#xE1;ficos estad&#xED;sticos en el desarrollo de competencias tecnol&#xF3;gicas en los estudiantes de 6to. grado, nivel primario, Centro Educativo Puerto Isabela, Santo Domingo /</subfield>
    <subfield code="c">Lenin Soto Feliz ; asesor: Santiago de Jes&#xFA;s Artidiello Moreno</subfield>
  </datafield>
  <datafield tag="260" ind1=" " ind2=" ">
    <subfield code="a">Santo Domingo :</subfield>
    <subfield code="b">Universidad APEC,</subfield>
    <subfield code="c">2021</subfield>
  </datafield>
  <datafield tag="300" ind1=" " ind2=" ">
    <subfield code="a">65 hojas :</subfield>
    <subfield code="b">ilustraciones, gr&#xE1;ficas, tablas ;</subfield>
    <subfield code="e">+ 1 CD ROM</subfield>
  </datafield>
  <datafield tag="336" ind1=" " ind2=" ">
    <subfield code="a">Texto</subfield>
    <subfield code="b">txt</subfield>
    <subfield code="2">rdacontent</subfield>
  </datafield>
  <datafield tag="337" ind1=" " ind2=" ">
    <subfield code="a">sin mediaci&#xF3;n</subfield>
    <subfield code="b">n</subfield>
    <subfield code="2">rdamedia</subfield>
  </datafield>
  <datafield tag="338" ind1=" " ind2=" ">
    <subfield code="a">volumen</subfield>
    <subfield code="b">nc</subfield>
    <subfield code="2">rdacarrier</subfield>
  </datafield>
  <datafield tag="500" ind1=" " ind2=" ">
    <subfield code="a">CAMPUS I</subfield>
  </datafield>
  <datafield tag="500" ind1=" " ind2=" ">
    <subfield code="a">Tesis en Formato PDF.
Tesis en Formato Electr&#xF3;nico.
Tesis en Formato Digital.</subfield>
  </datafield>
  <datafield tag="502" ind1=" " ind2=" ">
    <subfield code="a">Tesis (Maestr&#xED;a en Matem&#xE1;tica Superior) - Universidad APEC, 2021</subfield>
  </datafield>
  <datafield tag="504" ind1=" " ind2=" ">
    <subfield code="a">Incluye referencias bibliogr&#xE1;ficas e &#xED;ndice</subfield>
  </datafield>
  <datafield tag="505" ind1=" " ind2=" ">
    <subfield code="a">&#x2022;	CAP&#xCD;TULO I -- 10
&#x2022;	TEOR&#xCD;AS Y ESTRATEGIAS PEDAG&#xD3;GICAS EN EL PROCESO DE ENSE&#xD1;ANZA-APRENDIZAJE -- 10
&#x2022;	1.1 Evoluci&#xF3;n hist&#xF3;rica de la pedagog&#xED;a. -- 10
&#x2022;	1.1.1 La pedagog&#xED;a tradicional -- 10
&#x2022;	1.1.2 La escuela nueva o activa -- 11
&#x2022;	1.1.3 Teor&#xED;a conductista -- 12
&#x2022;	1.1.4 Teor&#xED;a cognoscitiva -- 12
&#x2022;	1.1.5 Teor&#xED;a constructivista -- 13
&#x2022;	1.1.6 Teor&#xED;a del aprendizaje significativo (David Ausubel) -- 14
&#x2022;	1.1.7 Teor&#xED;a humanista -- 15
&#x2022;	1.1.8 Enfoque por competencia-- 16
&#x2022;	1.2 Estrategias pedag&#xF3;gicas -- 17
&#x2022;	1.2.1 Diferencias entre las estrategias de ense&#xF1;anza y estrategias de aprendizaje. -- 17
&#x2022;	1.2.2 Rol del docente y el estudiante en diferentes tipos de aprendizaje. -- 18
&#x2022;	1.3 Conclusi&#xF3;n del cap&#xED;tulo I -- 19
&#x2022;	CAP&#xCD;TULO II -- 20
&#x2022;	IMPORTANCIA DEL PROCESO ENSE&#xD1;ANZA-APRENDIZAJE Y LA INTEGRACI&#xD3;N DE LAS TECNOLOG&#xCD;AS EN LA ASIGNATURA DE MATEM&#xC1;TICA -- 20
&#x2022;	2.1 Proceso ense&#xF1;anza-aprendizaje -- 20
&#x2022;	2.1.1 Proceso de aprendizaje -- 20
&#x2022;	2.1.2 Estilos de aprendizaje -- 20
&#x2022;	2.1.3 Proceso de ense&#xF1;anza. -- 24
&#x2022;	2.1.4 Pasos generales para ense&#xF1;ar. -- 25
&#x2022;	2.2 Proceso de ense&#xF1;anza-aprendizaje de la matem&#xE1;tica -- 28
&#x2022;	2.3 Importancia de la articulaci&#xF3;n de la matem&#xE1;tica con otras &#xE1;reas. -- 29
&#x2022;	2.3.1 Estrategias de planificaci&#xF3;n para la articulaci&#xF3;n de las &#xE1;reas. -- 31
&#x2022;	2.4 Las nuevas tecnolog&#xED;as en el proceso ense&#xF1;anza-aprendizaje. -- 32
&#x2022;	2.4.1 GeoGebra en el proceso ense&#xF1;anza-aprendizaje. -- 33
&#x2022;	2.5 An&#xE1;lisis del proceso ense&#xF1;anza-aprendizaje de la estad&#xED;stica. -- 34
&#x2022;	2.6 Conclusi&#xF3;n del cap&#xED;tulo II -- 36
&#x2022;	CAP&#xCD;TULO III -- 37
&#x2022;	METODOLOG&#xCD;A PARA EL DESARROLLO DEL DISE&#xD1;O Y EVALUACI&#xD3;N POR COMPETENCIA DE TABLAS DE FRECUENCIAS Y GR&#xC1;FICOS ESTAD&#xCD;STICOS. -- 37
&#x2022;	3.1 Diagn&#xF3;stico de la situaci&#xF3;n actual de los procesos ense&#xF1;anza-aprendizaje del uso de tablas y gr&#xE1;ficos estad&#xED;sticos en sexto de primaria. -- 37
&#x2022;	3.2 Metodolog&#xED;a para la aplicaci&#xF3;n de competencias tecnol&#xF3;gicas en el proceso de ense&#xF1;anza-aprendizaje de tablas y gr&#xE1;ficos estad&#xED;sticos. -- 39
&#x2022;	3.2.1 Fundamentos te&#xF3;ricos que sustentan el aprendizaje por competencias de la estad&#xED;stica. -- 39
&#x2022;	3.2.2 Propuesta por competencia de tablas y gr&#xE1;ficos estad&#xED;sticos. -- 41
&#x2022;	3.2.3 Instructivo para realizar tareas de tabla de frecuencia y gr&#xE1;ficos de barras y circular por software educativo GeoGebra. -- 48
&#x2022;	3.3 Conclusi&#xF3;n del cap&#xED;tulo III. -- 58
&#x2022;	CONCLUSIONES -- 59
&#x2022;	REFERENCIAS BIBLIOGRAFICAS -- 61
ANEXOS -- 66</subfield>
  </datafield>
  <datafield tag="520" ind1=" " ind2=" ">
    <subfield code="a">La siguiente investigaci&#xF3;n tiene la intenci&#xF3;n de reforzar el proceso de ense&#xF1;anza-aprendizaje que se ha ido implementando en los &#xFA;ltimos a&#xF1;os en nuestro pa&#xED;s con el enfoque por competencias. Aun teniendo este proceso un tiempo considerado en la educaci&#xF3;n dominicana, no ha presentado los resultados esperados en los estudiantes. Entre las posibles razones que puede presentar la deficiencia de este proceso est&#xE1;n la desmotivaci&#xF3;n de los estudiantes al no recibir realmente un aprendizaje significativo a su entorno y el poco uso de los recursos tecnol&#xF3;gicos que para ellos es de presencia cotidiana en su diario vivir. Los estudios presentados est&#xE1;n dirigidos a los estudiantes del 6to grado de primaria de la escuela Puerto Isabela, aunque se presentan tambi&#xE9;n los resultados de este grado a nivel nacional de las pruebas diagn&#xF3;sticas del 2018, dichas pruebas demuestran la gran debilidad del sistema educativo no solo en el &#xE1;rea de matem&#xE1;tica, sino tambi&#xE9;n en las dem&#xE1;s &#xE1;reas del curr&#xED;culo dominicano. Por tal motivo en esta propuesta did&#xE1;ctica se presenta una clase de estad&#xED;stica enfocada en una actividad del entorno de los estudiantes para ser realizada de la forma m&#xE1;s interactiva entre ellos con el fin de obtener la mayor motivaci&#xF3;n posible. El uso de la tecnolog&#xED;a estar&#xE1; enriquecida con el software educativo GeoGebra, el cual ser&#xE1; introducido en las clases en forma para que los estudiantes puedan percibir los cambios que presentan los gr&#xE1;ficos al ir variando los datos de la tabla de frecuencia. Al concluir la clase de estad&#xED;stica se espera que tanto el docente como el alumno pueden disfrutar de los conocimientos b&#xE1;sicos del uso de esta herramienta y que sean motivados al uso de la misma, con el fin de disfrutar de un aprendizaje din&#xE1;mico y significativo.</subfield>
  </datafield>
  <datafield tag="650" ind1=" " ind2="7">
    <subfield code="2">lemb</subfield>
    <subfield code="a">Matem&#xE1;ticas</subfield>
    <subfield code="x">Ense&#xF1;anza</subfield>
    <subfield code="9">106868</subfield>
  </datafield>
  <datafield tag="650" ind1=" " ind2="7">
    <subfield code="2">lemb</subfield>
    <subfield code="a">Matem&#xE1;ticas</subfield>
    <subfield code="x">Ense&#xF1;anza con ayuda de computadores</subfield>
    <subfield code="9">38761</subfield>
  </datafield>
  <datafield tag="650" ind1=" " ind2="7">
    <subfield code="2">lemb</subfield>
    <subfield code="a">Estad&#xED;stica</subfield>
    <subfield code="x">Ense&#xF1;anza</subfield>
    <subfield code="9">89973</subfield>
  </datafield>
  <datafield tag="650" ind1=" " ind2="7">
    <subfield code="2">lemb</subfield>
    <subfield code="a">Estad&#xED;stica matem&#xE1;tica</subfield>
    <subfield code="x">Ense&#xF1;anza con ayuda de computadores</subfield>
    <subfield code="9">106871</subfield>
  </datafield>
  <datafield tag="650" ind1=" " ind2="7">
    <subfield code="a">Estad&#xED;stica</subfield>
    <subfield code="x">M&#xE9;todos gr&#xE1;ficos</subfield>
    <subfield code="9">106870</subfield>
    <subfield code="2">lemb</subfield>
  </datafield>
  <datafield tag="650" ind1=" " ind2="7">
    <subfield code="2">lemb</subfield>
    <subfield code="a">Pedagog&#xED;a</subfield>
    <subfield code="9">106869</subfield>
  </datafield>
  <datafield tag="700" ind1=" " ind2="0">
    <subfield code="a">Artidiello Moreno, Santiago de Jes&#xFA;s</subfield>
    <subfield code="e">asesor</subfield>
    <subfield code="9">89610</subfield>
  </datafield>
  <datafield tag="856" ind1=" " ind2=" ">
    <subfield code="u">https://bibliotecaunapec.blob.core.windows.net/tesis/TPG_CI_MAS_01_2021_ET220085.pdf</subfield>
    <subfield code="y">Hacer clic para ver el&#xA0;PDF&#xA0;(2.65 MB). Trabajo de posgrado</subfield>
  </datafield>
  <datafield tag="912" ind1=" " ind2=" ">
    <subfield code="a">AJRP</subfield>
    <subfield code="b">AJIM</subfield>
  </datafield>
  <datafield tag="942" ind1=" " ind2=" ">
    <subfield code="2">ddc</subfield>
    <subfield code="c">TES</subfield>
  </datafield>
  <datafield tag="999" ind1=" " ind2=" ">
    <subfield code="c">14319</subfield>
    <subfield code="d">14319</subfield>
  </datafield>
</record>
